000
00317nam a2200121Ia 4500
005
20251222154357.0
008
251222s9999||||xx |||||||||||||| ||spa||
020
_a
84-313-0758-7
082
_a
323/H41
100
_a
"Hervada,JavierZumaquero, José M."
245
0
_a
Juan Pablo II y los derechos humanos
942
_c
LIB
999
_c
35147
_d
35147